|
|
|
|
| LEADER |
00743nab a2200205 i 4500 |
| 001 |
publ23579 |
| 005 |
20220214083347.0 |
| 008 |
220214s2018 hu o 0|| Angol d |
| 022 |
|
|
|a 0133-8749
|
| 024 |
7 |
|
|a 3384546
|2 mtmt
|
| 040 |
|
|
|a SZTE Publicatio Repozitórium
|b hun
|
| 041 |
|
|
|a Angol
|
| 100 |
1 |
|
|a Asztalos Andrea
|
| 245 |
1 |
0 |
|a Vocal Production Problems in Hungarian Primary Schools
|h [elektronikus dokumentum] /
|c Asztalos Andrea
|
| 260 |
|
|
|c 2018
|
| 300 |
|
|
|a 35-47
|
| 490 |
0 |
|
|a BULLETIN OF THE INTERNATIONAL KODÁLY SOCIETY
|v 43 No. 1
|
| 650 |
|
4 |
|a Pszichológia
|
| 650 |
|
4 |
|a Művészetek (művészetek, művészettörténet, előadóművészetek, zene)
|
| 856 |
4 |
0 |
|u http://publicatio.bibl.u-szeged.hu/23579/7/3384546.pdf
|z Dokumentum-elérés
|